| 000 | 00406nam a2200157Ia 4500 | ||
|---|---|---|---|
| 008 | 210716s2012 xx 000 0 und d | ||
| 020 | _a9781107008892 | ||
| 041 | _aeng | ||
| 082 | _a658.84 SINN | ||
| 100 | _aSingh, Nitish. | ||
| 245 | _aLogalization strategies for global e business. | ||
| 250 | _a1 | ||
| 260 |
_aNew Delhi _bCambridge University Press _c2012 |
||
| 300 | _aPB | ||
| 650 | _aE-Commerce | ||
| 999 |
_c208509 _d208509 |
||